Geometry Dash Demonlist [NEW] - Statistics

General Stats
  • This quiz has been taken 131 times
  • The average score is 47 of 150
Answer Stats
#1 Creator Answer % Correct
4 OniLink Tidal Wave
94%
2 iMist Amethyst
92%
3 Narwall Flamewall
91%
1 CairoX Thinking Space II
91%
7 MindCap Every End
85%
10 Sailent & IcEDCave Silent clubstep
85%
6 AkunAkunn BOOBAWAMBA
82%
119 HidekiX Thinking Space
79%
5 ItzKiba Nullscapes
78%
21 IcEDCave Slaughterhouse
78%
13 Riot & ryamu Acheron
76%
11 nikrodox Anathema
71%
12 BoBoBoBoBoBoBo Avernus
71%
8 Insxne97 andromeda
69%
41 MindCap LIMBO
69%
74 BoBoBoBoBoBoBo The Golden
63%
9 Renn241 & SeptaGon7 Subsuming Vortex
59%
100 BIANOX Zodiac
59%
16 Exen & CDMusic Abyss of Darkness
56%
24 Muffy450 & Nick24 Sakupen Circles
56%
28 cherryteam Firework
55%
15 MannyHeffley Menace
55%
19 Demishio Kyouki
54%
62 Riot Tartarus
54%
31 Renn241 Saul Goodman
53%
14 xander556 Spectre
51%
22 cherryteam KOCMOC
47%
17 Exen & ImMaxX1 Tunnel of Despair
47%
46 Renn241 walter white
47%
25 ItsHybrid Deimos
46%
30 Lisp poocubed
46%
61 APTeam Sonic Wave Infinity
46%
40 Linear Solar Flare
44%
20 SyQual Subterminal Point
44%
90 BIANOX Kenos
42%
52 Dorami The Yangire
42%
18 GXQ Defeated Circles
41%
39 CDMusic & CuluC Edge of Destiny
38%
34 APTeam Apocalyptic Trilogy
37%
145 neigefeu RUST
35%
89 SyQual Trueffet
35%
59 maxfs arcturus
33%
44 TCTeam Codependence
33%
36 SyQual The Hallucination
33%
23 lavatrex The Lightning Rod
33%
63 cherryteam Waterfall
33%
43 cherryteam Belladonna
32%
115 para Cold Sweat
32%
26 hawkyre Eyes in the Water
32%
83 AkunAkunn limbo but uwu ig idk
32%
121 nikrodox Renevant
32%
106 Komp Hard Machine
31%
27 fwefwe KOSETSU
31%
33 CDMusic MINUSdry
31%
72 benji8080 Oblivion
31%
35 cherryteam Sevvend Clubstep
31%
29 GDSkele Silentlocked
31%
132 LIEB ATOMIC CANNON Mk II
29%
78 LIEB ATOMIC CANNON Mk III
29%
38 Herozombie80 Deadlier Clubstep
29%
54 Vit12 ORDINARY
29%
141 KugelBlitz SARY NEVER CLEAR
29%
134 EndLevel Cognition
28%
76 Nisha Verdant Landscape
28%
129 TrueOmega Crimson Planet
27%
77 NineDice UNKNOWN
27%
126 Walroose Calculator Core
26%
32 stellar CONVULSION
26%
111 ItsHybrid Keres
26%
118 EndLevel Promethean
26%
50 artos SARYYX NEVER CLEAR
26%
49 Nexel Collapse
24%
37 Cersia COMBUSTION
24%
68 NekonGames Jigsaw
24%
45 cherryteam Mayhem
24%
137 APTeam Cosmic Cyclone
23%
42 MoistyJC Gaggatrondra
23%
149 CairoX Lucid Nightmares
23%
98 Jenkins GD NEUTRA
23%
58 DeniPol PSYCHOPATH
23%
75 hawkyre Viprin UFO
23%
60 Galaxxyss BEELINE
22%
66 Drakosa Delta
22%
142 Dan2D Rigel
22%
70 SrGuillester & Lisp Cimmerian Shade
21%
48 Dzeser Damascus
21%
124 KrmaL Instinct
21%
71 GammaReXx Natural Disaster
21%
138 GhostVandalf qoUEO
21%
128 Amplitron shimmer
21%
80 zYuko Shukketsu
21%
57 Wahffle Sinister Silence
21%
140 ta1lsdoll ta1LSD0ll
21%
69 Inex BPATA MPAKA
19%
81 gruzy Checked Steam
19%
82 Zeniux Critical Heat
19%
113 StarkytheSalad Lotus Flower
19%
79 Agat3 NETWORK
19%
51 Dolabill The Plunge
19%
107 Demishio Widestep
19%
147 VoTcHi Akashic Records
18%
64 Amplitron Coalescence
18%
65 Zeniux Crystal Crusher
18%
103 ImMaxX1 DISSONANCE
18%
96 SyQual Esfera
18%
116 Quaybus Frost Spirit
18%
148 meowdead meow hard
18%
56 zYuko Midnight
18%
47 Halzion Operation Evolution
18%
150 Surjaco RUTHLESS
18%
97 SaturMan Axinie
17%
104 HangerLord Judgement Knights
17%
110 TMco Scream Machine
17%
143 AkunAkunn Scrubbabingo force
17%
87 Enfur Starlit Stroll
17%
73 Xyriak Terminal Rampancy
17%
127 cherryteam Trotil
17%
112 Rimexon Ascent
15%
144 hawkyre Call Me Maybe
15%
53 HushLC Climax
15%
122 DreamZoneGD ConClusion
15%
109 AlrexX Crackhead Circles
15%
91 EndLevel Fragile
15%
139 solarion Gloxinia
15%
146 Custi SAND SAILOR
15%
95 Smarted WOBBLING MACHINE
15%
86 EndLevel Aerial Gleam
14%
99 The Purgatory Dark Dimension
14%
93 bosjoker Destruction 19
14%
131 TheSkeletonGMD Disconnected Descent
14%
117 tenzk Dry Out Copyable 2
14%
108 Kaza IRIS
14%
125 Dorvict Sky Shredder
14%
94 hazelmrow Starlight Summit
14%
101 Kaza Swing Swing
14%
84 Zacanaii The Paroxysm of Rage
14%
130 wokecat DIRECTIONS
13%
88 PLoLek Henken
13%
105 L4tezk Lithium
13%
55 Enfur Loops of Fury
13%
67 Billzer THE JET ENGINE
13%
92 nikoberry VOID
13%
123 mbed We Are Not The Same
13%
102 Enfur Guideless Goobering
12%
135 recillia Neon Skyline
12%
136 Moosh CORRODERE
10%
133 MercuryDT Indivine
10%
114 enci in this
10%
120 AlbinoSnail azure blast
9%
85 Farva Blood Echo
9%
No matching quizzes found
Score Distribution
Percent of People with Each Score
Percentile by Number Answered
Your Score History
You have not taken this quiz